Legend of the ghost dog / (Record no. 2626)

MARC details
000 -LEADER
fixed length control field 01493cam a22004097a 4500
005 - DATE AND TIME OF LATEST TRANSACTION
control field 20240105124711.0
020 ## - INTERNATIONAL STANDARD BOOK NUMBER
International Standard Book Number 9780545391276
020 ## - INTERNATIONAL STANDARD BOOK NUMBER
International Standard Book Number 054539127X
020 ## - INTERNATIONAL STANDARD BOOK NUMBER
International Standard Book Number 9780545507059
020 ## - INTERNATIONAL STANDARD BOOK NUMBER
International Standard Book Number 0545507057 (pbk.)
040 ## - CATALOGING SOURCE
Original cataloging agency BTCTA
Language of cataloging eng
Transcribing agency BTCTA
Modifying agency BDX
-- IHI
-- BKX
-- UIU
-- VHP
-- YDXCP
-- DLC
050 00 - LIBRARY OF CONGRESS CALL NUMBER
Classification number PZ7.K56475
Item number Lg 2012
082 04 - DEWEY DECIMAL CLASSIFICATION NUMBER
Classification number 813.54
Edition number 23
100 1# - MAIN ENTRY--PERSONAL NAME
Personal name Kimmel, Elizabeth Cody
245 10 - TITLE STATEMENT
Title Legend of the ghost dog /
Statement of responsibility, etc. Elizabeth Cody Kimmel.
250 ## - EDITION STATEMENT
Edition statement This edition first printing, September 2012
260 ## - PUBLICATION, DISTRIBUTION, ETC.
Place of publication, distribution, etc. New York :
Name of publisher, distributor, etc. Scholastic Press,
Date of publication, distribution, etc. 2012
300 ## - PHYSICAL DESCRIPTION
Extent 200 pages ;
Dimensions 20 cm.
500 ## - GENERAL NOTE
General note "This edition is available for distribution only through the school market"--Cover verso.
505 ## - FORMATTED CONTENTS NOTE
Formatted contents note M
520 ## - SUMMARY, ETC.
Summary, etc. With her beagle Henry and her new friend Quin, twelve-year-old Tee is determined to solve the mystery of "the Shadow", the ghostly animal that is believed to haunt the Alaskan wilderness near her new home in Nome.
521 ## - TARGET AUDIENCE NOTE
Target audience note 730
Source Lexile
521 ## - TARGET AUDIENCE NOTE
Target audience note M
Source Raz-Plus
650 #0 - SUBJECT ADDED ENTRY--TOPICAL TERM
Topical term or geographic name entry element Dogs
Form subdivision Juvenile fiction.
650 #0 - SUBJECT ADDED ENTRY--TOPICAL TERM
Topical term or geographic name entry element Spirits
Form subdivision Juvenile fiction.
650 #0 - SUBJECT ADDED ENTRY--TOPICAL TERM
Topical term or geographic name entry element Legends
Form subdivision Juvenile fiction.
650 #0 - SUBJECT ADDED ENTRY--TOPICAL TERM
Topical term or geographic name entry element Detective and mystery stories.
650 #1 - SUBJECT ADDED ENTRY--TOPICAL TERM
Topical term or geographic name entry element Dogs
Form subdivision Fiction.
650 #1 - SUBJECT ADDED ENTRY--TOPICAL TERM
Topical term or geographic name entry element Spirits
Form subdivision Fiction.
650 #1 - SUBJECT ADDED ENTRY--TOPICAL TERM
Topical term or geographic name entry element Ghosts
Form subdivision Fiction.
655 #0 - INDEX TERM--GENRE/FORM
Genre/form data or focus term Ghost stories.
655 #1 - INDEX TERM--GENRE/FORM
Genre/form data or focus term Mystery and detective stories.
655 #7 - INDEX TERM--GENRE/FORM
Genre/form data or focus term Mystery fiction.
Source of term gsafd
906 ## - LOCAL DATA ELEMENT F, LDF (RLIN)
a 7
b cbc
c copycat
d 2
e ncip
f 20
g y-gencatlg
942 ## - ADDED ENTRY ELEMENTS (KOHA)
Source of classification or shelving scheme Dewey Decimal Classification
Koha item type Books
Suppress in OPAC No
999 ## -
-- 2626
-- 2626
Holdings
Withdrawn status Lost status Source of classification or shelving scheme Damaged status Not for loan Collection Home library Current library Shelving location Date acquired Total Checkouts Full call number Barcode Date due Date last seen Date last checked out Price effective from Koha item type
    Dewey Decimal Classification     Juvenile Fiction Footprints International School Library Network Toul Kork Campus Footprints International School Library Network Toul Kork Campus   01/05/2024 2 KIM 813.54 PZ7.K56475 FIS00943 03/13/2026 02/27/2026 02/27/2026 01/05/2024 Books